Local government in Japan / (Record no. 6408)
[ view plain ]
| 000 -LEADER | |
|---|---|
| fixed length control field | 00781nam a2200241 a 4500 |
| 001 - CONTROL NUMBER | |
| control field | 6408 |
| 003 - CONTROL NUMBER IDENTIFIER | |
| rucl marc code | BD-RjUL |
| 005 - DATE AND TIME OF LATEST TRANSACTION | |
| control field | 20211208234234.0 |
| 008 - FIXED-LENGTH DATA ELEMENTS--GENERAL INFORMATION | |
| fixed length control field | 140111s1965 cau b 001 0 eng d |
| 035 ## - SYSTEM CONTROL NUMBER | |
| System control number | OCLC 543100 from nrgro027 |
| -- | (BD-RjUL)6448 |
| 040 ## - CATALOGING SOURCE | |
| Original cataloging agency | DLC |
| Transcribing agency | WSU |
| Modifying agency | m.c. |
| -- | OCL |
| -- | SER |
| -- | BD-RjUL |
| Language of cataloging | eng |
| 041 ## - LANGUAGE CODE | |
| Language code of text/sound track or separate title | eng |
| 082 ## - DEWEY DECIMAL CLASSIFICATION NUMBER | |
| Classification number | 352.000952 |
| Author mark and year | STL 1965 |
| 100 1# - MAIN ENTRY--PERSONAL NAME | |
| Personal name | Steiner, Kurt, |
| Dates associated with a name | 1912- |
| 9 (RLIN) | 20175 |
| 245 10 - TITLE STATEMENT | |
| Title | Local government in Japan / |
| Statement of responsibility, etc. | Kurt Steiner |
| 260 ## - PUBLICATION, DISTRIBUTION, ETC. (IMPRINT) | |
| Place of publication, distribution, etc. | Stanford, Calif : |
| Name of publisher, distributor, etc. | Stanford University Press, |
| Date of publication, distribution, etc. | c1965 |
| 300 ## - PHYSICAL DESCRIPTION | |
| Pagination | ix, 564 p. : |
| Size | 23 cm |
| 504 ## - BIBLIOGRAPHY, ETC. NOTE | |
| Bibliography, etc | Bibliographical references included in "Notes" (p. [479]-534) Bibliography: p. [535]-552 |
| 650 #0 - SUBJECT ADDED ENTRY--TOPICAL TERM | |
| Topical term or geographic name as entry element | Local government |
| Geographic subdivision | Japan |
| 9 (RLIN) | 20176 |
| 942 ## - ADDED ENTRY ELEMENTS (KOHA) | |
| Source of classification or shelving scheme | Dewey Decimal Classification |
| Koha item type | Books |
| Lost status | Source of classification or shelving scheme | Damaged status | Not for loan | Collection code | Permanent Location | Current Location | Shelving location | Date acquired | Source of acquisition | Cost, normal purchase price | Total Checkouts | Full call number | Date last seen | Copy number | Koha item type |
|---|---|---|---|---|---|---|---|---|---|---|---|---|---|---|---|
| Dewey Decimal Classification | Not For Loan | Non-fiction | Central Library, University of Rajshahi | Central Library, University of Rajshahi | 23/06/1970 | Zeitlinger | 184.00 | 352.000952 STL 1965 | 11/01/2014 | C-1 | Books | ||||
| Dewey Decimal Classification | Non-fiction | Central Library, University of Rajshahi | Central Library, University of Rajshahi | 10/07/1971 | Zeitlinger | 92.00 | 352.000952 STL 1965 | 09/03/2014 | C-3 | Books |